000 00618nam a2200217 a 4500
001 16893
003 CO-ViMGA
008 141112s2004 ck r 000 u spa d
020 _a842542058X
040 _aCO-ViMGA
_bspa
_cCO-ViMGA
082 0 4 _a131.32 P373p
100 1 _aPetermann, Franz
_923899
245 1 0 _aPsicología de la confianza
260 _aBarcelona (España),
_cHerder,
_c1999
300 _a197.p.
590 _aForma de adquisición : Premio - Mincultura
650 1 4 _aCONFIANZA (PSICOLOGIA)
_923900
650 1 4 _aPSICOANALISIS INFANTIL
_923901
650 1 4 _aPSICOTERAPIA INFANTIL
942 _2ddc
_cBK
999 _c26527
_d26527